000 00466nam a22001577a 4500
005 20231123121317.0
008 231123b |||||||| |||| 00| 0 eng d
041 _aEnglish
082 _a341.48 NEW
100 _aMclachlan, G et al.
_lEnglish
245 _aThe New E-World of Business in South Africa /
_cG McLachlan et al.
260 _c2002
300 _b27 pages ;
_c30 cm.
650 _aLegal practice
_bLaw
942 _cBK
_6ALISON_BN_VRIES
999 _c896
_d896